Bamboo People / (Record no. 2878)
[ view plain ]
| 000 -LEADER | |
|---|---|
| fixed length control field | 00893nam a22001937a 4500 |
| 003 - CONTROL NUMBER IDENTIFIER | |
| control field | OSt |
| 005 - DATE AND TIME OF LATEST TRANSACTION | |
| control field | 20230908112400.0 |
| 008 - FIXED-LENGTH DATA ELEMENTS--GENERAL INFORMATION | |
| fixed length control field | 230908b ||||| |||| 00| 0 eng d |
| 020 ## - INTERNATIONAL STANDARD BOOK NUMBER | |
| International Standard Book Number | 9781580893299 |
| 040 ## - CATALOGING SOURCE | |
| Transcribing agency | KH8 |
| 082 ## - DEWEY DECIMAL CLASSIFICATION NUMBER | |
| Classification number | 813.6 PER |
| 100 ## - MAIN ENTRY--PERSONAL NAME | |
| Personal name | Perkins, Mitali, |
| Relator term | author. |
| 245 ## - TITLE STATEMENT | |
| Title | Bamboo People / |
| Statement of responsibility, etc. | Mitali, Perkins. |
| 260 ## - PUBLICATION, DISTRIBUTION, ETC. | |
| Name of publisher, distributor, etc. | Charlesbridge, |
| Date of publication, distribution, etc. | 2012. |
| 300 ## - PHYSICAL DESCRIPTION | |
| Extent | 288 pages : |
| Dimensions | 5.44 x 0.79 x 8.19 inches. |
| 520 ## - SUMMARY, ETC. | |
| Summary, etc. | Chiko isn't a fighter by nature. He's a book-loving Burmese boy whose father, a doctor, is in prison for resisting the government. Tu Reh, on the other hand, wants to fight for freedom after watching Burmese soldiers destroy his Karenni family's home and bamboo fields. Timidity becomes courage and anger becomes compassion as each boy is changed by unlikely friendships formed under extreme circumstances. |
| 650 ## - SUBJECT ADDED ENTRY--TOPICAL TERM | |
| Topical term or geographic name entry element | Fiction |
| Form subdivision | Soldier |
| 942 ## - ADDED ENTRY ELEMENTS (KOHA) | |
| Source of classification or shelving scheme | |
| Koha item type | Teaching Resources |
| Withdrawn status | Lost status | Source of classification or shelving scheme | Damaged status | Not for loan | Collection code | Permanent Location | Current Location | Shelving location | Date acquired | Full call number | Barcode | Date last seen | Price effective from | Koha item type |
|---|---|---|---|---|---|---|---|---|---|---|---|---|---|---|
| Teaching Resources | KH8 Senior School Library | KH8 Senior School Library | Staff Office | 2023-09-08 | 813.6 PER | TRKHSL002513 | 2023-09-08 | 2023-09-08 | Teaching Resources | |||||
| Teaching Resources | KH8 Senior School Library | KH8 Senior School Library | Staff Office | 2023-09-08 | 813.6 PER | TRKHSL002514 | 2023-09-08 | 2023-09-08 | Teaching Resources | |||||
| Teaching Resources | KH8 Senior School Library | KH8 Senior School Library | Staff Office | 2023-09-08 | 813.6 PER | TRKHSL002515 | 2023-09-08 | 2023-09-08 | Teaching Resources | |||||
| Teaching Resources | KH8 Senior School Library | KH8 Senior School Library | Staff Office | 2023-09-08 | 813.6 PER | TRKHSL002516 | 2023-09-08 | 2023-09-08 | Teaching Resources | |||||
| Teaching Resources | KH8 Senior School Library | KH8 Senior School Library | Staff Office | 2023-09-08 | 813.6 PER | TRKHSL002517 | 2023-09-08 | 2023-09-08 | Teaching Resources | |||||
| Teaching Resources | KH8 Senior School Library | KH8 Senior School Library | Staff Office | 2023-09-08 | 813.6 PER | TRKHSL002518 | 2023-09-08 | 2023-09-08 | Teaching Resources | |||||
| Teaching Resources | KH8 Senior School Library | KH8 Senior School Library | Staff Office | 2023-09-08 | 813.6 PER | TRKHSL002519 | 2023-09-08 | 2023-09-08 | Teaching Resources | |||||
| Teaching Resources | KH8 Senior School Library | KH8 Senior School Library | Staff Office | 2023-09-08 | 813.6 PER | TRKHSL002520 | 2023-09-08 | 2023-09-08 | Teaching Resources | |||||
| Teaching Resources | KH8 Senior School Library | KH8 Senior School Library | Staff Office | 2023-09-08 | 813.6 PER | TRKHSL002521 | 2023-09-08 | 2023-09-08 | Teaching Resources | |||||
| Teaching Resources | KH8 Senior School Library | KH8 Senior School Library | Staff Office | 2023-09-08 | 813.6 PER | TRKHSL002522 | 2023-09-08 | 2023-09-08 | Teaching Resources | |||||
| Teaching Resources | KH8 Senior School Library | KH8 Senior School Library | Staff Office | 2023-09-08 | 813.6 PER | TRKHSL002523 | 2023-09-08 | 2023-09-08 | Teaching Resources |